Retrouve le Youtubeur grâce à sa bio - Statistiques

Statistiques générales
  • Ce quiz a été pris 141 fois
  • Le résultat moyen est 3 sur 20
Statistiques - réponses
Hint Réponse % Correct
Ancien joueur pro sur Call Of Duty Gotaga
84%
C'est deux gars. McFly et Carlito
60%
Clique sur une vidéo nan ?? Squeezie
40%
Science & Expérience ! Dr Nozman
33%
ça dit quoi l'équipe ? Theodort
22%
Test de jeux à la con ! Joueur du grenier
12%
Voyages, Expériences, Découvertes, Humour (des fois) Amixem
8%
Du contenu impérial Kevin Tran
7%
désolée je suis nulle pour les descriptions Lena Situation
7%
Sniper, Pouissance, Velocite Locklear
7%
Je fais des vidéos en plus tu peux même les regarder Cyprien
6%
Je fais des vidéos Youtube depuis... toujours Norman
6%
Bio-thétique, Biologie, Biosphère, Los mejor comprendrons Inoxtag
5%
J'essaye de te faire passer un bon moment ici, tout en me faisant plaisir ! Mastu
3%
Ici, on parle de tout, sans tabous. Juju Fitcats
2%
Abonne toi, ça rend heureux Michou
2%
Tu vas bien ? Mister V
2%
Juste un gars curieux SEB
2%
Abonne toi on va rigoler. Natoo
1%
Youtubeur Fitness Pierre Croce
1%
Aucun quiz correspondant
Distribution des résultats
% des personnes avec chaque résultat
Percentile par nombre de réponses
Votre historique - résultats
Vous n’avez pas pris ce quiz